| 000 | 00781nam a2200241 a 4500 | ||
|---|---|---|---|
| 001 | BRCA_7939 | ||
| 005 | 20190320210048.0 | ||
| 008 | 070314s1972----gt-a###f##---#000-0#spa-# | ||
| 041 | _aspa | ||
| 044 | _agt | ||
| 050 | 4 |
_aF1438 _b.S35 _c1972 |
|
| 100 | 1 |
_aSamayoa Guevara, Héctor Humberto _919659 |
|
| 245 | 1 | 0 |
_aEnsayo sobre la independencia de Centroamérica _cHéctor Humberto Samayoa Guevara. |
| 260 |
_aGuatemala _bJosé de Pineda Ibarra _c1972 |
||
| 300 |
_a303 p. _bil. _c20 cm. |
||
| 440 | 0 |
_aColección Documentos _n35 _919660 |
|
| 500 | _a3027 | ||
| 610 | 2 | 4 |
_aInstituto de Antropología e Historia de Guatemala _919661 |
| 650 | 1 | 4 |
_aIndependencia _zAmérica Central _919662 |
| 650 | 1 | 4 |
_aHistoria _y1821-1851 _zAmérica Central _919663 |
| 902 | _aGFM | ||
| 942 |
_2lcc _cB |
||
| 999 |
_c7609 _d7609 |
||